00473nam a2200133Ia 4500008004100000100002100041245012300062245005200185260000900237300002400246440004300270500001100313650001500324170725s9999 xx 000 0 und d aAndreas Hellmann 4aThe influence of textual presentation order and graphical presentation on the judgements of non-professional investors cAndreas Hellmann, Chiing Yeow & Lurion De Mello c2017 apages 455-470, June aAccounting and Business Researchv47:4 aCJ0032 aAccounting